000 02529nam a2200349 a 4500
001 17963773
008 151027s2014 ||||||||||||||||| || u
010 _a2013956937
020 _a9789400707528
020 _a9789400707542
020 _a9789400707535
050 _aHN 25 Enc
100 _aMichalos, Alex C
245 1 0 _aEncyclopedia of quality of life and well-being research. (v.1-12)
_ceditor Alex C. Michalos
260 _aNew York
_bSpringer
_c2014
300 _a12 v.: ill.
500 _aV.1 A-CHH; V.2. HI-CZ; V.3 D-E; V.4 F-G; V.5 H; V.6 I-L; V.7 M-N; V.8 O-PRH; V.9 PRI-SEK; V.10 SEL-STT; V.11 STU-U; V.12 V-Z
650 _aQUALITY OF LIFE--RESEARCH--ENCYCLOPEDIAS
650 _aSOCIAL INDICATORS--RESEARCH--ENCYCLOPEDIAS
995 _aREFERENCE BOOKS
_e903334
_FCBU-SCHOOL OF MEDICINE LIBRARY (Ndola)
_jHN 25 Enc
_M3
_UREFERENCE
_WOct 27, 2015
_y903334
_ZReference Collection
995 _aREFERENCE BOOKS
_e903342
_FCBU-SCHOOL OF MEDICINE LIBRARY (Ndola)
_jHN 25 Enc
_M11
_UREFERENCE
_WOct 27, 2015
_y903342
_ZReference Collection
995 _aREFERENCE BOOKS
_e903337
_FCBU-SCHOOL OF MEDICINE LIBRARY (Ndola)
_jHN 25 Enc
_M6
_UREFERENCE
_WOct 27, 2015
_y903337
_ZReference Collection
995 _aREFERENCE BOOKS
_e903332
_FCBU-SCHOOL OF MEDICINE LIBRARY (Ndola)
_jHN 25 Enc
_M1
_UREFERENCE
_WOct 27, 2015
_y903332
_ZReference Collection
995 _aREFERENCE BOOKS
_e903340
_FCBU-SCHOOL OF MEDICINE LIBRARY (Ndola)
_jHN 25 Enc
_M9
_UREFERENCE
_WOct 27, 2015
_y903340
_ZReference Collection
995 _aREFERENCE BOOKS
_e903338
_FCBU-SCHOOL OF MEDICINE LIBRARY (Ndola)
_jHN 25 Enc
_M7
_UREFERENCE
_WOct 27, 2015
_y903338
_ZReference Collection
995 _aREFERENCE BOOKS
_e903341
_FCBU-SCHOOL OF MEDICINE LIBRARY (Ndola)
_jHN 25 Enc
_M10
_UREFERENCE
_WOct 27, 2015
_y903341
_ZReference Collection
995 _aREFERENCE BOOKS
_e903336
_FCBU-SCHOOL OF MEDICINE LIBRARY (Ndola)
_jHN 25 Enc
_M5
_UREFERENCE
_WOct 27, 2015
_y903336
_ZReference Collection
995 _aREFERENCE BOOKS
_e903343
_FCBU-SCHOOL OF MEDICINE LIBRARY (Ndola)
_jHN 25 Enc
_M12
_UAVAILABLE
_WOct 27, 2015
_y903343
_ZReference Collection
995 _aREFERENCE BOOKS
_e903333
_FCBU-SCHOOL OF MEDICINE LIBRARY (Ndola)
_jHN 25 Enc
_M2
_UREFERENCE
_WOct 27, 2015
_y903333
_ZReference Collection
995 _aREFERENCE BOOKS
_e903339
_FCBU-SCHOOL OF MEDICINE LIBRARY (Ndola)
_jHN 25 Enc
_M8
_UREFERENCE
_WOct 27, 2015
_y903339
_ZReference Collection
995 _aREFERENCE BOOKS
_e903334
_FCBU-SCHOOL OF MEDICINE LIBRARY (Ndola)
_jHN 25 Enc
_M4
_UREFERENCE
_WOct 27, 2015
_y903335
_ZReference Collection
999 _c63811
_d63811